000 01396nam0a22003371 4500
001 v19\rc\2104497
005 20250630115939.0
035 _a(NLR Aleph) 005177682
090 _a5112293
_c5112293
100 _a20090914d1808 |||y0rusy50 ca
101 0 _arus
102 _aRU
105 _ay z |||a|
200 1 _aЛиза, или Торжество благодарности
_eДрама в трех действиях. Николая Ильина
_eПредставлена в первой раз на Санктпетербургском придворном театре, июня 20 дня, 1802 года
205 _aИздание второе
210 _aСанкт-петербург
_cв типографии Императорскаго театра
_d1808
215 _a112 с.
_d8° (18 см)
321 1 _aСК 1801-1825 3094
517 1 _aТоржество благодарности
620 _dСанкт-Петербург
700 1 _7ca
_8rus
_aИльин
_bН.И.
_cдраматург, переводчик
_f1777-1823
_gНиколай Иванович
_9218850
_3RU\NLR\AUTH\770218906
801 0 _aRU
_bNLR
_gpsbo
801 1 _aRU
_bProSoft-M
_2rusmarc
801 2 _aRU
_bNLR
_c20150928
_2rusmarc
852 _aNLR
_j18.148.4.64
852 _aNLR
_j138/1327
852 _aNLR
_bРЗФ
_j18 в. 1/119
942 _cBOOK
980 _aNB
980 3 _akpnscan